Engineering mechanics : (رقم التسجيلة. 47870)

تفاصيل مارك
000 -LEADER
fixed length control field 00550nam a22002177a 4500
005 - DATE AND TIME OF LATEST TRANSACTION
control field 20251108170735.0
008 - FIXED-LENGTH DATA ELEMENTS--GENERAL INFORMATION
fixed length control field 250721s1998 xx 000 0 eng d
082 14 - DEWEY DECIMAL CLASSIFICATION NUMBER
Classification number 620.1/MER
100 1# - MAIN ENTRY--PERSONAL NAME
Personal name Meriam, J. L.
245 10 - TITLE STATEMENT
Title Engineering mechanics :
Remainder of title Statics /
250 ## - EDITION STATEMENT
Edition statement 4rd ed.
264 1# - PRODUCTION, PUBLICATION, DISTRIBUTION, MANUFACTURE, AND COPYRIGHT NOTICE
Place of production, publication, distribution, manufacture New York :
Name of producer, publisher, distributor, manufacturer John Wiley & Sons Inc.,
Date of production, publication, distribution, manufacture, or copyright notice 1998.
300 ## - PHYSICAL DESCRIPTION
Extent 2vol.
650 17 - SUBJECT ADDED ENTRY--TOPICAL TERM
Topical term or geographic name as entry element Applied mechanics
650 17 - SUBJECT ADDED ENTRY--TOPICAL TERM
Topical term or geographic name as entry element Statics
650 17 - SUBJECT ADDED ENTRY--TOPICAL TERM
Topical term or geographic name as entry element Mechanical engineering
650 17 - SUBJECT ADDED ENTRY--TOPICAL TERM
Topical term or geographic name as entry element Dynamics
700 1# - ADDED ENTRY--PERSONAL NAME
Personal name Kraige, L. G.
942 ## - ADDED ENTRY ELEMENTS (KOHA)
Source of classification or shelving scheme Dewey Decimal Classification
Koha item type كتب
المقتنيات
حالة السحب حالة الفقدان مصدر التصنيف حالة التلف غير قابل للإعارة المكتبة الرئيسية المكتبة الحالية موقع الرف تاريخ التزويد الرقم المتسلسل Total Checkouts رقم الإستدعاء الباركود تاريخ آخر ظهور تاريخ الفاتورة نوع المادة (كوها)
    Dewey Decimal Classification     المكتبة المركزية المكتبة المركزية الإعارة 27/07/2009 [56044]   620.1/MER PLD00104062 28/07/2025 27/07/2009 كتب
Implemented & Customized by: BBB with SCIT (Smart Chains for Information Technology)

Powered by Koha